000 00289nam a2200121Ia 4500
008 220120s9999||||xx |||||||||||||| ||und||
082 _a823 CAR
100 _aCarbone, Elisa
245 0 _aHemingway's chair
260 _aArrow books
_bMysore
300 _a65p.
_b6
650 _aGENERAL BOOKS
999 _c137512
_d137512